| 000 | 01038nam a2200277 a 4500 | ||
|---|---|---|---|
| 008 | 200218e2005 sp ||||| |||| 00| 0 spa d | ||
| 020 | _a8449421772 | ||
| 041 | _aspa | ||
| 092 |
_c616 _l24 _sFER |
||
| 100 | 1 |
_aFerri, Fred F. _94119 |
|
| 245 |
_aConsultor clínico. _bDiagnóstico y tratamiento en medicina interna / _cFred F. Ferri |
||
| 250 | _a1a ed. | ||
| 260 |
_aBarcelona: _bHarcourt ; Océano; _c2005. |
||
| 300 | _a1108 p. | ||
| 500 | _aFerri, F. F. (2005). Consultor clínico. Diagnóstico y tratamiento en medicina interna. (1a ed.). Barcelona : Océano ; Harcourt. | ||
| 590 | _aDonacion | ||
| 653 | _aTerminos clínicos | ||
| 653 | _aDiagnóstico diferencial, etiología y clasificación de signos y sintomas habituales | ||
| 653 | _aAlgoritmos clínicos | ||
| 653 | _aPruebas de laboratorio e interpretación de los resultados | ||
| 653 | _aServicios preventivos clínicos | ||
| 653 | _aRevisión de la literatura médica | ||
| 653 | _aFármacos | ||
| 653 | _aHechos y fórmulas esenciales | ||
| 942 |
_2ddc _cBK |
||
| 999 |
_c3066 _d3066 |
||